Essential biochemistry (Record no. 393759)

MARC details
000 -LEADER
fixed length control field 00577 a2200229 4500
005 - DATE & TIME
control field 20260129111048.0
008 - FIXED-LENGTH DATA ELEMENTS--GENERAL INFORMATION
fixed length control field 260128b |||||||| |||| 00| 0 eng d
020 ## - ISBN
International Standard Book Number 9781394223275
Price $ 80.00
040 ## - CATALOGING SOURCE
Original cataloging agency VIVEKANANDA LIBRARY
082 ## - DDC NUMBER
Classification number 572
Book Number P888E(5)
100 ## - MAIN ENTRY--PERSONAL NAME
Personal name Pratt, Charlotte
245 ## - TITLE STATEMENT
Title Essential biochemistry
250 ## - EDITION STATEMENT
Edition statement 5th
260 ## - PUBLICATION, DISTRIBUTION, ETC. (IMPRINT)
Name of publisher, distributor, etc Wiley
Date of publication, distribution, etc 2024
Place of publication, distribution, etc Singapore
300 ## - PHYSICAL DESCRIPTION
Pages xviii, 709
440 ## - Series Statement
Series Title International Adaptation
650 ## - Subject
Subject Biochemistry
650 ## - Subject
Subject Molecular Biology
650 ## - Subject
Subject Protein Function
700 ## - Added Entry Personal Name
Added Entry Personal Name Cornely, kathleen
942 ## - ADDED ENTRY ELEMENTS (KOHA)
Koha item type Books
Holdings
Withdrawn status Lost status Source of classification or shelving scheme Damaged status Not for loan Location (home branch) Sublocation or collection (holding branch) Shelving location Date acquired Koha issues (times borrowed) Koha full call number Accession No. Koha date last seen Koha item type
    Dewey Decimal Classification     VIVEKANANDA LIBRARY VIVEKANANDA LIBRARY Vivekananda Library 03/12/2025   572 P888E(5) 443499 03/12/2025 Books
© Designed and Maintained by Vivekananda Library, MDU Rohtak